header

The process of circulation of capital (Record no. 11344)

MARC details
000 -LEADER
fixed length control field 01168nam a2200301Ia 4500
100 1# - MAIN ENTRY--AUTHOR NAME
Personal name Marx, Karl,
245 14 - TITLE STATEMENT
Title The process of circulation of capital
260 ## - PUBLICATION, DISTRIBUTION, ETC. (IMPRINT)
Place of publication London :
Name of publisher Electric Book Co.,
Year of publication c2001.
300 ## - PHYSICAL DESCRIPTION
Number of Pages 716 p.
490 0# - SERIES STATEMENT
Series statement Capital ;
500 ## - GENERAL NOTE
General note Cover title : Capital Volume II.
650 #0 - SUBJECT ADDED ENTRY--TOPICAL TERM
Topical Term Capital.
Topical Term Economics.
700 1# - ADDED ENTRY--PERSONAL NAME
Personal name Engels, Friedrich,
856 40 - ELECTRONIC LOCATION AND ACCESS
Uniform Resource Identifier http://site.ebrary.com/lib/rucke/Doc?id=10015073

No items available.

© 2026 Rongo University
Contact us: librarian | system librarian | Rongo university